|
|
|
|
| LEADER |
00829nab a2200205 i 4500 |
| 001 |
publ35316 |
| 005 |
20241217105842.0 |
| 008 |
241217s2024 hu o 000 hun d |
| 022 |
|
|
|a 1219-8641
|
| 024 |
7 |
|
|a 35632782
|2 mtmt
|
| 040 |
|
|
|a SZTE Publicatio Repozitórium
|b hun
|
| 041 |
|
|
|a hun
|
| 100 |
1 |
|
|a Zádori Dénes
|
| 245 |
1 |
2 |
|a A demencia kezelése neurológiai szempontból – Milyen módon tud a neurológus és a háziorvos együttműködni?
|h [elektronikus dokumentum] /
|c Zádori Dénes
|
| 260 |
|
|
|c 2024
|
| 300 |
|
|
|a 521-524
|
| 490 |
0 |
|
|a HÁZIORVOS TOVÁBBKÉPZŐ SZEMLE
|v 29 No. 8
|
| 650 |
|
4 |
|a Klinikai orvostan
|
| 856 |
4 |
0 |
|u http://publicatio.bibl.u-szeged.hu/35316/1/HTSZ_2024_08_Zadori.pdf
|z Dokumentum-elérés
|
| 856 |
4 |
0 |
|u http://publicatio.bibl.u-szeged.hu/35316/7/%5BUntitled%5D_2024121710561165.pdf
|z Dokumentum-elérés
|